| 000 | 00350 a2200157 4500 | ||
|---|---|---|---|
| 001 | 178458 | ||
| 020 | _a | ||
| 040 | _cMagnum | ||
| 100 | _aVerlag, Erlangen | ||
| 240 | 1 | 0 |
_aDona cabra e os sete cabritinhos _lpor |
| 245 | 1 | 0 | _aDona cabra e os sete cabritinhos |
| 362 | 0 | _a1899 | |
| 440 | 1 | _aLeitura | |
| 697 | _aMAGNITO: I/CONTO | ||
| 942 | _cBK | ||
| 999 |
_c178458 _d178458 |
||